[Event "Challenge"]
[Site "http://www.queenalice.com/game.php?id=1370516"]
[Date "2015.7.8"]
[Round "-"]
[White "scheinerbock"]
[Black "Omar"]
[Result "1-0"]
[WhiteElo "1927"]
[BlackElo "1736"]

1. e4 e5 2. Nf3 d6 3. Be2 a6 4. O-O h6 5. d3 Nc6 6. Be3 Nf6 7. d4 exd4 8. Nxd4
Qd7 9. Nc3 Be7 10. Nd5 Nxd5 11. exd5 Nb4 12. c4 a5 13. b3 Na6 14. Bg4 Qd8 15.
Bh5 O-O 16. Re1 Bf6 17. Rc1 Nc5 18. f4 Ne4 19. Qf3 Nc5 20. f5 Nd3 21. Qg3 Nxe1
22. Rxe1 Bg5 23. Ne6 fxe6 24. fxe6 Bxe3+ 25. Rxe3 Qe7 26. Bf7+ Kh8 27. Qg6 b6
28. Rg3 Qf6 29. e7 Bf5 30. Qxf6 gxf6 31. exf8=Q+ Rxf8 32. Bg6 Bd7 33. Kf2 f5 34.
Re3 f4 35. Re7 Bg4 36. h3 Bd1 37. Rxc7 f3 38. Rf7 Kg8 39. Rxf8+ Kxf8 40. gxf3
Kg7 41. Be4 Kf6 42. Ke1 Bxb3 43. axb3 Ke5 44. Ke2 Kd4 45. Kd2 h5 46. h4 Kc5 47.
f4 Kd4 48. Bg6 Kc5 49. f5 Kb4 50. Kc2 a4 51. bxa4 Kxc4 52. f6 Kxd5 53. f7 Kc5
54. f8=Q Kc6 55. Bxh5 d5 56. Be8+ Kb7 57. h5 d4 58. h6 Ka6 59. h7 Ka5 60. h8=Q
Ka6 61. Bc6 Ka5 62. Qa8+ Kb4 63. Qxd4+ Ka3 64. Qb2# 1-0

[Event "Let's Play Chess!"]
[Site "http://www.queenalice.com/game.php?id=1371343"]
[Date "2015.7.13"]
[Round "-"]
[White "fantasigno"]
[Black "scheinerbock"]
[Result "1/2-1/2"]
[WhiteElo "1768"]
[BlackElo "1915"]

1. Nf3 Nf6 2. g3 g6 3. Bg2 Bg7 4. O-O O-O 5. d4 d5 6. Bf4 Nc6 7. Nc3 Bg4 8. Re1
Re8 9. h3 Bf5 10. e3 Nh5 11. e4 dxe4 12. Nxe4 Nxd4 13. Nxd4 Bxd4 14. g4 Nxf4 15.
gxf5 Nxg2 16. Kxg2 Rf8 17. fxg6 fxg6 18. c3 Bb6 19. Rf1 Qxd1 20. Raxd1 h6 21.
Rd7 Rae8 22. Kg3 g5 23. b4 a5 24. bxa5 Bxa5 25. Nc5 Bxc3 26. Ne6 Be5+ 27. Kg4 b6
28. Nxf8 Kxf8 29. Rfd1 Bd6 30. Kh5 Kg7 31. a4 Ra8 32. Rd4 Rf8 1/2-1/2

[Event "Let's Play Chess!"]
[Site "http://www.queenalice.com/game.php?id=1371716"]
[Date "2015.7.15"]
[Round "-"]
[White "Bategoll"]
[Black "scheinerbock"]
[Result "0-1"]
[WhiteElo "1908"]
[BlackElo "1904"]

1. d4 Nf6 2. e3 g6 3. Nf3 d6 4. Nc3 Bg7 5. Bd3 O-O 6. Bd2 a6 7. Qe2 c5 8. dxc5
dxc5 9. Qd1 b5 10. O-O c4 11. Be2 Bd7 12. Qc1 b4 13. Nd1 Nc6 14. Nd4 a5 15. Bxc4
Nxd4 16. exd4 Qc7 17. Bd3 Ng4 18. Bf4 e5 19. dxe5 Bxe5 20. Bxe5 Qxe5 21. f4 Qd4+
22. Nf2 Rfe8 23. Qd2 Bc6 24. Kh1 Ne3 25. Rg1 Qxb2 26. Ne4 Rad8 27. Rgb1 Qd4 28.
h3 Bxe4 0-1

[Event "Let's Play Chess!"]
[Site "http://www.queenalice.com/game.php?id=1371896"]
[Date "2015.7.17"]
[Round "-"]
[White "scheinerbock"]
[Black "masam2014"]
[Result "1-0"]
[WhiteElo "1899"]
[BlackElo "1923"]

1. d4 d5 2. Nf3 e6 3. Nc3 g6 4. e4 Bg7 5. Bg5 Qd7 6. exd5 exd5 7. Qe2+ Ne7 8.
Bxe7 Qxe7 9. Qxe7+ Kxe7 10. Nxd5+ Kd8 11. Ne5 Bxe5 12. dxe5 b6 13. O-O-O Kd7 14.
Nxb6+ Ke6 15. Nxa8 Bb7 16. Nxc7+ Kxe5 17. Nb5 Na6 18. Bc4 Bxg2 19. Rhe1+ Kf4 20.
Bd5 Bxd5 21. Rxd5 Nb4 22. Rd4+ Kf3 23. Rxb4 Rd8 24. Re3+ Kg2 25. Nc3 1-0

[Event "bategoll_243"]
[Site "http://www.queenalice.com/game.php?id=1372349"]
[Date "2015.7.20"]
[Round "-"]
[White "scheinerbock"]
[Black "Bategoll"]
[Result "0-1"]
[WhiteElo "1920"]
[BlackElo "1916"]

1. e4 c5 2. Nf3 Nc6 3. Bb5 e6 4. O-O Nf6 5. Nc3 a6 6. Bc4 Be7 7. a3 b5 8. Ba2
O-O 9. d3 Bb7 10. e5 Ne8 11. Re1 f5 12. h4 Bxh4 13. Nxh4 Qxh4 14. Re3 Nd4 15.
Rh3 Qg4 16. Qxg4 fxg4 17. Rg3 Nxc2 18. Rb1 Ne1 19. Bh6 Nxg2 20. Rxg4 Kh8 21. Ne4
gxh6 22. Kxg2 Ng7 23. Rf1 Bxe4+ 24. Rxe4 Nf5 25. Rf4 Nd4 26. Rxf8+ Rxf8 27. Rh1
Nf5 28. f4 Rg8+ 29. Kf3 Rg3+ 30. Ke4 Re3# 0-1

[Event "Let's Play Chess!"]
[Site "http://www.queenalice.com/game.php?id=1372472"]
[Date "2015.7.21"]
[Round "-"]
[White "scheinerbock"]
[Black "Taurus"]
[Result "0-1"]
[WhiteElo "1848"]
[BlackElo "2158"]

1. g3 e5 2. Bg2 d5 3. d3 Nf6 4. Nf3 Nc6 5. O-O Bg4 6. h3 Bh5 7. c4 e4 8. dxe4
dxe4 9. Qxd8+ Rxd8 10. Ng5 Bb4 11. Nc3 Bxc3 12. bxc3 O-O 13. Nxe4 Nxe4 14. Bxe4
Bxe2 15. Re1 Bxc4 16. a3 Bd5 17. Bf4 Bxe4 18. Rxe4 Rd7 19. Rae1 h6 20. h4 f6 21.
Kg2 Kf7 22. f3 g5 23. hxg5 hxg5 24. Be3 Rfd8 25. Bc5 b6 26. Bf2 Ne5 27. Bd4 Nc6
28. Kf2 Nxd4 29. cxd4 Kg6 30. f4 gxf4 31. Rxf4 Rxd4 32. Rxd4 Rxd4 33. Re7 Rc4
0-1

[Event "Let's Play Chess!"]
[Site "http://www.queenalice.com/game.php?id=1372473"]
[Date "2015.7.21"]
[Round "-"]
[White "Taurus"]
[Black "scheinerbock"]
[Result "1-0"]
[WhiteElo "2135"]
[BlackElo "1908"]

1. d4 g6 2. e4 Bg7 3. Nf3 d6 4. h3 Nf6 5. Nc3 O-O 6. Bf4 Nh5 7. Bg5 f6 8. Be3 f5
9. Ng5 Nc6 10. Bc4+ Kh8 11. Nf7+ Rxf7 12. Bxf7 Qd7 13. d5 Nd8 14. Be6 Nxe6 15.
dxe6 Qxe6 16. exf5 Qxf5 17. g4 Qa5 18. gxh5 Bxc3+ 19. bxc3 Qxc3+ 20. Bd2 Qe5+
21. Kf1 Bf5 22. Be3 Qb5+ 23. Qe2 Qb2 24. Rd1 Qxa2 25. c3 Qxe2+ 26. Kxe2 gxh5 27.
f3 a5 28. Rd5 e6 29. Rb5 b6 30. Rg1 Ra6 31. Rxf5 h6 32. Rxh5 1-0

[Event "Challenge"]
[Site "http://www.queenalice.com/game.php?id=1372474"]
[Date "2015.7.20"]
[Round "-"]
[White "tucot"]
[Black "scheinerbock"]
[Result "1-0"]
[WhiteElo "2338"]
[BlackElo "1925"]

1. e4 g6 2. d4 Bg7 3. Nc3 d6 4. Be3 Nf6 5. f3 O-O 6. Qd2 e6 7. g4 Nbd7 8. O-O-O
Nb6 9. Bd3 Bd7 10. Bh6 Na4 11. Nge2 c5 12. Nxa4 Bxa4 13. Bxg7 Kxg7 14. dxc5 dxc5
15. Qc3 Kg8 16. Bb5 Nd5 17. Rxd5 exd5 18. Bxa4 Rc8 19. Qd2 a6 20. c3 b5 21. Bb3
d4 22. Bd5 dxc3 23. Nxc3 Qc7 24. Bb3 c4 25. Nd5 Qc5 26. Bc2 Rfd8 27. Rd1 Rb8 28.
Nf6+ Kg7 29. Nd7 Qe7 30. Qc3+ Kg8 31. Nf6+ Kf8 32. Nd5 Qc5 33. Qh8# 1-0

[Event "bategoll_277"]
[Site "http://www.queenalice.com/game.php?id=1373312"]
[Date "2015.7.26"]
[Round "-"]
[White "Bategoll"]
[Black "scheinerbock"]
[Result "0-1"]
[WhiteElo "1774"]
[BlackElo "1904"]

1. d4 g6 2. e4 Bg7 3. f4 d6 4. Nf3 Nf6 5. Nc3 O-O 6. Bd3 b6 7. Bd2 Bb7 8. d5
Nbd7 9. O-O Nc5 10. a3 Nxd3 11. cxd3 c6 12. dxc6 Bxc6 13. Be3 Ng4 14. Bd2 d5 15.
e5 Nh6 16. d4 Nf5 17. Rb1 Kh8 18. b4 Bb7 19. Re1 e6 20. b5 Rc8 21. a4 Rc4 22.
Be3 Rxc3 0-1

[Event "Let's Play Chess!"]
[Site "http://www.queenalice.com/game.php?id=1374980"]
[Date "2015.8.2"]
[Round "-"]
[White "igorjava"]
[Black "scheinerbock"]
[Result "0-1"]
[WhiteElo "1959"]
[BlackElo "1828"]

1. e4 d6 2. f4 Nf6 3. Nc3 g6 4. Nf3 Bg7 5. Bc4 O-O 6. d3 e6 7. O-O d5 8. exd5
exd5 9. Bb3 Re8 10. Ne5 Nbd7 11. d4 Nb6 12. a4 Be6 13. Be3 Ng4 14. Bd2 Nxe5 15.
fxe5 c6 16. Be3 Rc8 17. Qd2 Nc4 18. Bxc4 dxc4 19. Rad1 Bg4 20. Rde1 c5 21. dxc5
Qxd2 22. Bxd2 Rxe5 23. Rxe5 Bxe5 24. Ne4 Bxb2 25. c3 Bf5 26. Nd6 Rxc5 27. Nxb7
Rd5 28. Be1 Bc8 29. Rf2 Ba3 30. Ra2 Bxb7 31. Rxa3 Rg5 32. Bg3 Rd5 33. Kf1 g5 34.
Bf2 a6 35. Ra2 Rd1+ 36. Be1 Rc1 37. Kf2 Be4 38. Bd2 Rh1 39. Bxg5 Rxh2 40. Kg3
Rh5 41. Bf6 Rf5 42. Bd4 Bc6 43. a5 Rd5 44. Kh3 f5 45. g3 Kf7 46. Ra4 Bxa4 47.
Kh4 Rxd4+ 48. cxd4 c3 49. d5 c2 50. Kg5 c1=Q+ 51. Kxf5 Bd7+ 0-1

[Event "Let's Play Chess!"]
[Site "http://www.queenalice.com/game.php?id=1375074"]
[Date "2015.8.2"]
[Round "-"]
[White "scheinerbock"]
[Black "michas"]
[Result "1-0"]
[WhiteElo "1909"]
[BlackElo "1788"]

1. d4 Nf6 2. Nc3 e6 3. e4 d5 4. Bd3 dxe4 5. Nxe4 Nxe4 6. Bxe4 Nc6 7. c3 Bd7 8.
Nf3 g6 9. Qb3 Na5 10. Qc2 Bg7 11. O-O O-O 12. Re1 Re8 13. b4 Nc4 14. Bxb7 Rb8
15. Ba6 Nb6 16. Bf4 h6 17. Ne5 Bxe5 18. Bxe5 Nd5 19. Qd2 Kh7 20. c4 Nxb4 21. Bb5
Bxb5 22. cxb5 Rxb5 23. Rab1 Qe7 24. a3 f6 25. Bg3 Nd5 26. Rxb5 c6 27. Rb3 a6 28.
Reb1 f5 29. Rb7 1-0

[Event "Let's Play Chess!"]
[Site "http://www.queenalice.com/game.php?id=1375075"]
[Date "2015.8.2"]
[Round "-"]
[White "scheinerbock"]
[Black "mariuszgosi"]
[Result "0-1"]
[WhiteElo "1923"]
[BlackElo "1733"]

1. e4 e6 2. d4 d5 3. Bd3 Nf6 4. e5 Nfd7 5. Nf3 a6 6. O-O c5 7. h4 Nc6 8. Ng5
cxd4 9. Nxf7 Kxf7 10. Bg5 Be7 11. f4 h6 12. Qh5+ Kg8 13. Bg6 hxg5 14. Bf7+ Kf8
15. Qg6 Rh6 16. Qd3 gxh4 17. f5 Ndxe5 18. Qh3 Nxf7 19. Rf4 exf5 20. Nd2 g5 21.
Rf2 d3 22. Raf1 Bc5 23. cxd3 g4 0-1

[Event "Let's Play Chess!"]
[Site "http://www.queenalice.com/game.php?id=1375076"]
[Date "2015.8.2"]
[Round "-"]
[White "michas"]
[Black "scheinerbock"]
[Result "0-1"]
[WhiteElo "1705"]
[BlackElo "1920"]

1. c4 g6 2. Nc3 Bg7 3. Nf3 Nf6 4. d3 O-O 5. g3 d6 6. Bg2 Nc6 7. b3 Bg4 8. d4 e5
9. dxe5 dxe5 10. Qc2 Bxf3 11. Bxf3 Nd4 12. Qd3 e4 13. Bxe4 Nxe4 14. Qxe4 Nxb3
15. axb3 Bxc3+ 16. Kf1 Bxa1 17. Bh6 Re8 18. Qf4 Bg7 19. Bxg7 Kxg7 20. e3 b5 21.
cxb5 Rb8 22. Qc4 Qd6 23. Qc3+ Kg8 24. Kg2 Qd5+ 25. Kg1 Rxb5 26. h4 Reb8 27. Qxc7
Rxb3 28. Kh2 Rb1 29. Rxb1 Rxb1 30. Kh3 h5 31. Qc8+ Kg7 32. Qc3+ Kh7 33. g4 Qf3+
34. Kh2 Rh1# 0-1

[Event "Let's Play Chess!"]
[Site "http://www.queenalice.com/game.php?id=1376341"]
[Date "2015.8.8"]
[Round "-"]
[White "scheinerbock"]
[Black "uschmidi"]
[Result "0-1"]
[WhiteElo "1916"]
[BlackElo "2114"]

1. d4 g6 2. e4 Bg7 3. f4 e6 4. Nf3 d6 5. e5 dxe5 6. fxe5 f6 7. exf6 Bxf6 8. Bf4
Ne7 9. Bh6 Nf5 10. Qd2 Nxd4 11. Nxd4 Bxd4 12. c3 Qh4+ 13. g3 Qe4+ 14. Qe2 Qxh1
15. cxd4 Nc6 16. Bg7 Rg8 17. Be5 Rf8 18. Nc3 Nxe5 19. dxe5 Bd7 20. O-O-O Qc6 21.
Bg2 Qb6 22. Ne4 O-O-O 23. Bf1 h6 24. Qc4 a6 25. Qc3 Bc6 26. Rxd8+ Rxd8 27. Nc5
Bf3 28. Bd3 g5 29. a4 Rd5 30. a5 Qxc5 0-1

[Event "Let's Play Chess!"]
[Site "http://www.queenalice.com/game.php?id=1376342"]
[Date "2015.8.8"]
[Round "-"]
[White "uschmidi"]
[Black "scheinerbock"]
[Result "1-0"]
[WhiteElo "2074"]
[BlackElo "1935"]

1. d4 g6 2. e4 Bg7 3. Nf3 d6 4. c3 Nf6 5. e5 Nd5 6. Bc4 e6 7. Bg5 Qd7 8. Nbd2
O-O 9. Ne4 b6 10. Bxd5 exd5 11. Nf6+ Bxf6 12. Bxf6 dxe5 13. dxe5 Qb5 14. Qd2 Nd7
15. Qh6 Nxf6 16. exf6 Re8+ 17. Kd1 Qd3+ 18. Kc1 g5 19. Qg7# 1-0

[Event "Let's Play Chess!"]
[Site "http://www.queenalice.com/game.php?id=1376567"]
[Date "2015.8.9"]
[Round "-"]
[White "scheinerbock"]
[Black "franz_ferdinand"]
[Result "0-1"]
[WhiteElo "1888"]
[BlackElo "1600"]

1. e4 e5 2. Nf3 Nc6 3. Be2 Bc5 4. O-O Nf6 5. d3 d6 6. Bg5 Bg4 7. Nc3 h6 8. Bxf6
Qxf6 9. Nd5 Qd8 10. b4 Nxb4 11. Rb1 Nxd5 12. exd5 Bb6 13. Rb4 Bd7 14. Nd2 O-O
0-1

[Event "Let's Play Chess!"]
[Site "http://www.queenalice.com/game.php?id=1376568"]
[Date "2015.8.9"]
[Round "-"]
[White "franz_ferdinand"]
[Black "scheinerbock"]
[Result "1-0"]
[WhiteElo "1570"]
[BlackElo "1918"]

1. e4 g6 2. d4 Bg7 3. Nc3 d6 4. Be3 Nf6 5. f3 O-O 6. Qd2 e5 7. O-O-O Nc6 8. Nge2
Re8 9. g4 Be6 10. d5 Bxg4 11. fxg4 Nb4 12. a3 Na6 13. h3 1-0

[Event "Challenge"]
[Site "http://www.queenalice.com/game.php?id=1376944"]
[Date "2015.8.11"]
[Round "-"]
[White "Rommel"]
[Black "scheinerbock"]
[Result "0-1"]
[WhiteElo "1963"]
[BlackElo "1885"]

1. e4 e6 2. d4 Nc6 3. f4 b6 4. Nf3 Bb7 5. Nc3 Nge7 6. a3 d5 7. e5 Nf5 8. Be2 h6
9. O-O Nfxd4 10. Nxd4 Nxd4 11. Be3 Nxe2+ 12. Nxe2 Bc5 13. Bxc5 bxc5 14. c3 O-O
15. f5 Qg5 16. Rf2 exf5 17. Qd3 g6 18. Re1 Rfe8 19. Ng3 f4 20. Nf1 Rxe5 21. Rxe5
Qxe5 22. Qb5 Rb8 23. Re2 Qd6 24. Nd2 c6 25. Qd3 c4 26. Qh3 h5 27. Nf3 Bc8 28.
Qh4 Bg4 29. Qg5 Bxf3 30. gxf3 d4 31. cxd4 Qxd4+ 32. Kg2 Kg7 33. Re4 Qxb2+ 34.
Kh3 Qf6 35. Qc5 Rb3 36. Rxc4 Rxf3+ 37. Kg2 Rxa3 38. Qf2 Qg5+ 39. Kf1 Ra1+ 0-1

[Event "Let's Play Chess!"]
[Site "http://www.queenalice.com/game.php?id=1379588"]
[Date "2015.8.26"]
[Round "-"]
[White "scheinerbock"]
[Black "GiulioTorino"]
[Result "0-1"]
[WhiteElo "1901"]
[BlackElo "1909"]

1. e4 Nc6 2. Nf3 d5 3. exd5 Qxd5 4. Nc3 Qd6 5. Bb5 Bg4 6. d4 O-O-O 7. Be3 Bxf3
8. Qxf3 Nf6 9. Bxc6 Qxc6 10. Qxc6 bxc6 11. O-O-O g6 12. Na4 Bg7 13. c3 Nd5 14.
Rhe1 e5 15. dxe5 Bxe5 16. g3 Rhe8 17. Bxa7 f5 18. f4 Nxf4 19. gxf4 Bxf4+ 20. Kc2
Rxd1 21. Rxe8+ Kd7 22. Kxd1 Kxe8 23. h3 g5 24. Ke2 h5 25. Be3 Bxe3 26. Kxe3 Ke7
27. Nc5 Kd6 28. Nd3 Kd5 29. a4 Kc4 30. a5 Kb5 31. b4 f4+ 32. Ke4 Ka6 33. Ne5 c5
34. Kf5 cxb4 0-1

[Event "Let's Play Chess!"]
[Site "http://www.queenalice.com/game.php?id=1381774"]
[Date "2015.9.8"]
[Round "-"]
[White "ztnilz"]
[Black "scheinerbock"]
[Result "1-0"]
[WhiteElo "1949"]
[BlackElo "1860"]

1. c4 g6 2. d4 Bg7 3. e4 d6 4. Nc3 e5 5. d5 Nf6 6. Bg5 c6 7. Qf3 Bg4 8. Bxf6
Bxf6 9. Qxg4 Qb6 10. Rb1 O-O 11. Nge2 Nd7 12. Qxd7 Rfd8 13. Qh3 Rac8 14. Qf3 Kg7
15. g3 Qb4 16. Bg2 b5 17. cxb5 cxb5 18. O-O a5 19. Qd3 Qc5 20. Nxb5 1-0

[Event "Let's Play Chess!"]
[Site "http://www.queenalice.com/game.php?id=1381778"]
[Date "2015.9.8"]
[Round "-"]
[White "scheinerbock"]
[Black "ztnilz"]
[Result "0-1"]
[WhiteElo "1844"]
[BlackElo "1833"]

1. d4 d5 2. Nc3 c6 3. e4 dxe4 4. Nxe4 e5 5. Be3 exd4 6. Qxd4 Nd7 7. Nd6+ Bxd6 8.
Qxd6 Ne7 9. O-O-O O-O 10. Bg5 f6 11. Bc4+ Kh8 12. Bf4 Nf5 13. Qd3 g5 14. Qxf5
gxf4 15. Qxf4 Qe7 16. Nf3 b5 17. Bb3 Qg7 18. Qd6 c5 19. Bd5 Rb8 20. Bc6 Rb6 21.
Rhe1 Nb8 22. Qxf8+ Qxf8 23. Re8 Qxe8 24. Bxe8 Bf5 25. h3 Kg7 26. Rd5 Be4 27.
Rxc5 a6 28. Rc3 Re6 29. Bh5 Nc6 30. Re3 Nb4 31. Nd4 Re5 32. a3 Nd5 33. Rg3+ Bg6
34. Bg4 Kf8 35. Kd2 f5 36. f4 Nxf4 37. Nc6 Rd5+ 38. Ke3 Ne6 39. Bf3 f4+ 40. Ke2
Rc5 41. Rxg6 hxg6 42. c3 Ng5 43. Nb4 a5 44. Nd5 Nxf3 45. Kxf3 Rxd5 46. Kxf4 Ke7
47. g4 g5+ 48. Ke4 Ke6 49. Ke3 Ke5 50. b3 Rc5 0-1

[Event "E. Hymes 1894 - 1923"]
[Site "http://www.queenalice.com/game.php?id=1381897"]
[Date "2015.9.8"]
[Round "-"]
[White "scheinerbock"]
[Black "LaB"]
[Result "1-0"]
[WhiteElo "1904"]
[BlackElo "1849"]

1. d4 d5 2. c4 Nf6 3. Nc3 e6 4. e3 Bb4 5. Bd2 O-O 6. Nf3 Bxc3 7. Bxc3 Ne4 8. Rc1
f5 9. Ne5 Nd7 10. Qb3 Nxe5 11. dxe5 Qh4 12. g3 Qg4 13. cxd5 Qf3 14. Rc2 Qxh1 15.
dxe6 Kh8 16. e7 Re8 17. Qf7 Bd7 18. e6 Nxc3 19. exd7 1-0